[Event "Bahn-chGT"]
[Site "Winterberg"]
[Date "2004.09.30"]
[Round "5"]
[White "Just, Joachim"]
[Black "Bormann, Alexander"]
[Result "1/2-1/2"]
[WhiteElo "1997"]
[BlackElo "1510"]
[PlyCount "56"]
[EventDate "2004.09.26"]
[EventType "swiss"]
[EventRounds "7"]
[EventCountry "GER"]
[SourceTitle "EXT 2013"]
[Source "ChessBase"]
[SourceDate "2012.11.22"]
[SourceVersion "1"]
[SourceVersionDate "2012.11.22"]
[SourceQuality "1"]

1. b3 e5 2. Bb2 d6 3. e3 Nf6 4. c4 Nc6 5. Nc3 Bf5 6. d3 Ne7 7. Nf3 c5 8. Be2 Nc6 9. 0-0 Be7 10. e4 Bd7 11. Nd5 0-0 12. Ne1 Nxd5 13. cxd5 Nd4 14. Nc2 f5 15. Nxd4 cxd4 16. f4 Kh8 17. Qd2 Qb6 18. Kh1 Rac8 19. Rac1 h6 20. Rc4 Qd8 21. Rfc1 Rxc4 22. Rxc4 fxe4 23. fxe5 e3 24. Qb4 b5 25. Rc1 dxe5 26. d6 Bg5 27. Qc5 Qf6 28. Qb4 Bg4 1/2-1/2

[Event "Bahn-chGT"]
[Site "Winterberg"]
[Date "2004.09.26"]
[Round "1"]
[White "Bormann, Alexander"]
[Black "Gburek, Juergen"]
[Result "1/2-1/2"]
[WhiteElo "1510"]
[BlackElo "1754"]
[PlyCount "78"]
[EventDate "2004.09.26"]
[EventType "swiss"]
[EventRounds "7"]
[EventCountry "GER"]
[SourceTitle "EXT 2013"]
[Source "ChessBase"]
[SourceDate "2012.11.22"]
[SourceVersion "1"]
[SourceVersionDate "2012.11.22"]
[SourceQuality "1"]

1. d4 d5 2. c4 e6 3. Nc3 Nf6 4. Nf3 Nbd7 5. Bg5 c6 6. e3 Qa5 7. Rc1 Ne4 8. Bf4 Bb4 9. Qc2 Qxa2 10. cxd5 exd5 11. Nd2 Bxc3 12. bxc3 Qxc2 13. Rxc2 Nxd2 14. Rxd2 Nf6 15. Bd3 0-0 16. 0-0 Bg4 17. f3 Bh5 18. e4 Bg6 19. e5 Bxd3 20. Rxd3 Nd7 21. Bc1 b5 22. Ba3 Rfe8 23. f4 Nb6 24. f5 Nc4 25. Bc5 a5 26. f6 g6 27. Ra1 a4 28. h4 h5 29. Kh2 Na5 30. Bb4 Nb3 31. Ra3 Rac8 32. Bd6 Na5 33. Ra2 Nb7 34. Be7 Nd8 35. g4 hxg4 36. Rg3 Ne6 37. Rxg4 Kh7 38. Ba3 Rg8 39. Rag2 Ra8 1/2-1/2